000 00475nam a2200157Ia 4500
005 20260601193255.0
008 260601s9999||||xx |||||||||||||| ||und||
020 _a978-3-031-61014-1
_qebk
100 _aAli Sunyaev
245 0 _aInternet Computing
250 _aSecond Edition 2024
260 _aHeidelberg, Germany
_bSpringer Nature
_c2024
650 _aComputer Science
856 _uhttps://link.springer.com/openurl?genre=book&isbn=978-3-031-61014-1
942 _cEB
_2ddc
999 _c56838
_d56838